Высоковольтный генератор наносекундных импульсов; Сборник аннотаций научно-исследовательских работ ТПИ

Dettagli Bibliografici
Parent link:Сборник аннотаций научно-исследовательских работ ТПИ.— 1973.— С. 7-8
Autore principale: Москалев В. А. Владилен Александрович
Altri autori: Шашов В. В.
Riassunto:В фонде НТБ ТПУ отсутствует
Lingua:russo
Pubblicazione: 1973
Soggetti:
Natura: Capitolo di libro
KOHA link:https://koha.lib.tpu.ru/cgi-bin/koha/opac-detail.pl?biblionumber=601725

MARC

LEADER 00000naa0a2200000 4500
001 601725
005 20250220092523.0
035 |a (RuTPU)RU\TPU\tpu\26775 
035 |a RU\TPU\tpu\16338 
090 |a 601725 
100 |a 20150217d1973 k y0rusy50 ca 
101 0 |a rus 
102 |a RU 
200 1 |a Высоковольтный генератор наносекундных импульсов  |f В. А. Москалев, В. В. Шашов 
333 |a В фонде НТБ ТПУ отсутствует 
463 |t Сборник аннотаций научно-исследовательских работ ТПИ  |v С. 7-8  |o Вып. 5  |d 1973 
610 1 |a труды учёных ТПУ 
700 1 |a Москалев  |b В. А.  |c специалист в области электротехники  |c профессор Томского политехнического университета, доктор технических наук  |f 1927-  |g Владилен Александрович  |3 (RuTPU)RU\TPU\pers\12401 
701 1 |a Шашов  |b В. В. 
801 1 |a RU  |b 63413507  |c 20090624  |g PSBO 
801 2 |a RU  |b 63413507  |c 20150217  |g RCR 
942 |c BK